000 03258cam a22012614i 4500
003 PE-LiUPU
005 20250813185432.0
008 190815s2015 sp rb 000 0 spa d
020 _a843683397X
020 _a9788436833973
035 _a(Sirsi) a252494
040 _aPE-LiUPU
_bspa
_cPE-LiUPU
_erda
049 _aPRUA
082 0 4 _a371.782
_bM81
_220
100 1 _aMolina del Peral, José Antonio,
_eautor.
245 _aBullying, ciberbullying y sexting /
_cJosé Antonio Molina del Peral, Pilar Vecina Navarro.
264 1 _aMadrid :
_bPirámide,
_c2015.
300 _a141 páginas ;
_c22 centímetros.
336 _atext
_2rdacontent
337 _aunmediated
_2rdamedia
338 _avolume
_2rdacarrier
490 0 _aColección Psicología. Manuales prácticos
504 _aBibliografía: páginas 137-138.
505 0 _a¿Qué debemos saber del bullying? -- ¿Qué otros tipos de acoso existen? -- ¿Qué actores intervienen en el acoso? -- ¿Qué factores influyen en la aparición del bullying? -- ¿Cómo prevenir el acoso? -- Intervención en los casos de acoso -- Estrategias psicológicas de intervención -- Filmografía: el acoso escolar en el cine.
526 _aP202
526 _aP201
526 _aP163
526 _aP162
526 _aP161
526 _aP160
526 _aP148
526 _aP147
526 _aP146
526 _aP145
526 _aP144
526 _aP143
526 _aP142
526 _aP141
526 _aP140
526 _aP139
526 _aP138
526 _aP137
526 _aP136
526 _aP135
526 _aP134
526 _aP133
526 _aP129
526 _aP128
526 _aP127
526 _aP120
526 _aP119
526 _aP118
526 _aP116
526 _aP115
526 _aP114
526 _aP110
526 _aP109
526 _aP108
526 _aP104
526 _aP103
526 _aP102
526 _aP99
526 _aP98
526 _aP97
526 _aP96
526 _aP95
526 _aP93
526 _aP90
526 _aP89
526 _aP88
526 _aP83
526 _aP82
526 _aP62
526 _aP59
526 _aP58
526 _aP57
526 _aP51
526 _aP49
526 _aP48
526 _aP47
526 _aP29
526 _aP24
526 _aP20
526 _aP19
526 _aP17
526 _aP15
526 _aP14
526 _aP12
526 _aP10
526 _aP09
526 _aP08
526 _aP07
526 _aP06
526 _aP05
526 _aP04
526 _aP01
541 _gF002-00001570;
650 0 4 _aViolencia escolar.
650 0 4 _aBullying.
650 0 4 _aCyberbullying.
650 0 4 _aSexting.
700 1 _aVecina Navarro, Pilar,
_eautor.
910 _abgr
_bjpc
_cjpc
_d20190815
942 _2ddc
_cBOOK
994 _aC0
_bPEPRU
596 _a1
999 _a371.782 M81
_wDEWEY
_c31722
_i80457
_d31722
_e2020-1-27
_f2021-11-8
_g3
_lCCODEBUL1
_mBUL
_n1
_p19.00
_r0
_sY
_tBOOK
_u2019-8-15
_xEDUCACION
_PP33
_0COMPRA
_1FCOMPR2
_o.STAFF. Colección Ciencias de la Salud
980 _81
_gALBERTO SANCHEZ Responsable de Automatización